Stranger Things Character Quiz (spoilers, seasons 1-3) - Statistics

General Stats
  • This quiz has been taken 501 times
  • The average score is 15 of 15
Answer Stats
Hint Answer % Correct
girl who has a shaved head and likes eggo waffles eleven
99%
girl who is good at video games and skateboarding max
99%
boy who has a group of friends and has an annoying older sister mike
99%
is dating "the hair" and has an overprotective mom and lazy dad nancy
99%
his nickname is "the hair" and he has a bat full of nails steve
99%
boy who has a loving mother and older brother who goes missing will
99%
boy who has a disease where he is missing his two front teeth dustin
98%
a cop who has a big belly and is great at solving mysteries hopper
98%
a boy who has a sassy younger sister and is friends with everyone above lucas
98%
boy who drives a blue car and is killed in the battle of star court billy
96%
is the older brother of the boy who went missing, loves photography jonathan
96%
worrisome mom who believes that her son is still alive joyce
96%
she works with "the hair" at the mall and has a board for the number of times he screws up robin
95%
sassy younger sister of one of the main boy characters who loves ice cream erica
94%
she is the mother of 3 children and really strict when a boy goes missing karen
87%
No matching quizzes found
Score Distribution
Percent of People with Each Score
Percentile by Number Answered
Your Score History
You have not taken this quiz